00637nam a2200193Ia 4500008004000000020001800040041000800058082001600066100002800082245002700110260004100137300001200178650001700190650001400207690002100221906001100242999001900253952017100272210210b2010 xxu||||| |||| 00| 0 eng d a9789380156187 aeng a547.59 PARH aPARASHAR (Rakesh Kumar) aHeterocyclic chemistry aNew DelhibAne Books Pvt. Ltd.c2010 axii,178 aHeterocyclic achemistry aNatural Products a065859 c147165d147165 001040708ChemistryaALbALcChemistryd2021-02-17ePrajwal Book Distributors, Bangalore-560061g250.00l0o547.59 PARHp065859r2021-02-17 00:00:00w2021-02-17yBK